Todos los días son tuyos /
Un fotógrafo de nota roja está obsesionado con su vecina, una vasca ligada a ETA; sin que ella se dé cuenta, la fotografía y planea hacer un reportaje sobre las actividades del grupo separatista en México. Cuando es asesinada, el periodista se convierte en el principal sospechoso y ahora tiene, por...
保存先:
| 第一著者: | |
|---|---|
| その他の著者: | , , , , , , , |
| フォーマット: | |
| 言語: | スペイン語 |
| 版: | Ed. especial |
| 主題: | |
| タグ: |
タグなし, このレコードへの初めてのタグを付けませんか!
|
MARC
| LEADER | 00000ngm^a2200000^a^4500 | ||
|---|---|---|---|
| 001 | 000312022 | ||
| 005 | 20250521000000.0 | ||
| 009 | 20260310113101.551 | ||
| 037 | |a Acervo ITESO - Biblioteca | ||
| 041 | |a ESP | ||
| 082 | |a 860. |b GUT | ||
| 100 | |a Gutiérrez Arias, José Luis |e (realización) | ||
| 245 | 1 | 0 | |a Todos los días son tuyos / |c Realización de J.L. Gutiérrez Arias. |
| 250 | |a Ed. especial | ||
| 264 | 2 | |a México : |b ZC Entertainment [distribución], |c copyright fecha no identificada | |
| 300 | |a 1 DVD regiones 1 y 4 |c (113 min.) | ||
| 336 | |a imagen móvil bidimensional |b tdi |2 rdacontenido | ||
| 337 | |a video |b v |2 rdamedio | ||
| 338 | |a videodisco |b vd |2 rdasoporte | ||
| 520 | |a Un fotógrafo de nota roja está obsesionado con su vecina, una vasca ligada a ETA; sin que ella se dé cuenta, la fotografía y planea hacer un reportaje sobre las actividades del grupo separatista en México. Cuando es asesinada, el periodista se convierte en el principal sospechoso y ahora tiene, por un lado, que demostrar su inocencia y escapar de los asesinos de la joven. | ||
| 546 | |a En español, con subtítulos opcionales: inglés | ||
| 649 | |a XX | ||
| 650 | |a Vascos en México | ||
| 650 | |a Fotógrafos en el Cine | ||
| 650 | |a Periodistas en el Cine | ||
| 650 | |a Opera Prima | ||
| 650 | |a Películas Policíacas | ||
| 650 | |a Cine Mexicano - |y 2000-2009 | ||
| 650 | |a Cine Mexicano - |y Siglo XXI | ||
| 650 | |a Nota Roja | ||
| 650 | |a Asesinato | ||
| 650 | |a Violencia Política | ||
| 650 | |a Investigación del Delito | ||
| 650 | |a Inocencia (Derecho) | ||
| 650 | |a ETA | ||
| 700 | |a Gutiérrez Arias, José Luis |e (guión) | ||
| 700 | |a Prieto, Ignacio |e (fotógrafo) | ||
| 700 | |a Azcuaga, Roque |e (montaje) | ||
| 700 | |a Gutiérrez Arias, José Luis |e (montaje) | ||
| 700 | |a Aveleyra, Paco |e (música) | ||
| 700 | |a Oliver, Mario |e (actuación) | ||
| 700 | |a Suárez, Emma |e (actuación) | ||
| 700 | |a Camacho, Alejandro |e (actuación) | ||
| 910 | |a Fondo General | ||
| 920 | |a Audiovisuales - DVDs | ||
| 940 | |a Películas | ||
| 905 | |a 302 | ||
| 901 | |a 0500196330 |b IT2 |c DVS |i C122356 |u 20250521 | ||
| 902 | |a https://opac.biblio.iteso.mx/vufind/Record/000312022 | ||